[Event "Mittelfranken-chTB2a 1011"]
[Site "Germany"]
[Date "2011.05.15"]
[Round "9.8"]
[White "Kulok, Solomon"]
[Black "Scheler, Heinz"]
[Result "1-0"]
[WhiteElo "1700"]
[BlackElo "1213"]
[PlyCount "61"]
[EventDate "2010.09.26"]
[EventType "team-tourn"]
[EventRounds "9"]
[EventCountry "GER"]
[SourceTitle "EXT 2012"]
[Source "ChessBase"]
[SourceDate "2011.11.24"]
[SourceVersion "1"]
[SourceVersionDate "2011.11.24"]
[SourceQuality "1"]
[WhiteTeam "Nuernberg NT V"]
[BlackTeam "Ansbach"]
[WhiteTeamCountry "GER"]
[BlackTeamCountry "GER"]

1. e4 e5 2. d4 Qh4 3. Nd2 exd4 4. Ngf3 Qe7 5. Nxd4 Nf6 6. Nf5 Qe5 7. Bd3 d5 8. Nf3 Qe6 9. e5 Ng4 10. 0-0 Nc6 11. Ng5 Qg6 12. Nd6+ cxd6 13. Bxg6 hxg6 14. e6 fxe6 15. Qxg4 e5 16. Qf3 Ne7 17. Nf7 e4 18. Qf4 g5 19. Nxd6+ Kd7 20. Qe5 Ng6 21. Qxd5 Bxd6 22. Rd1 Ke8 23. Qxd6 Kf7 24. Bxg5 Rh5 25. Qc7+ Kg8 26. Rd8+ Kh7 27. Bf6 Bd7 28. Qxd7 Ne7 29. Qxe7 Kg6 30. Qxg7+ Kf5 31. Rd5+ 1-0